Imroved properties of nitrile butadiene rubber (Record no. 60920)

MARC details
000 -LEADER
fixed length control field 00319nam a2200133Ia 4500
100 ## - MAIN ENTRY--AUTHOR NAME
Personal name Kotova Svetlana
245 #0 - TITLE STATEMENT
Title Imroved properties of nitrile butadiene rubber
260 ## - PUBLICATION, DISTRIBUTION, ETC. (IMPRINT)
Name of publisher Rubber World
Year of publication 2013
300 ## - PHYSICAL DESCRIPTION
Number of Pages 18-20
650 ## - SUBJECT ADDED ENTRY--TOPICAL TERM
Topical Term NBR
650 ## - SUBJECT ADDED ENTRY--TOPICAL TERM
Topical Term PVC
942 ## - ADDED ENTRY ELEMENTS (KOHA)
Koha item type Journals
Holdings
Withdrawn status Lost status Damaged status Not for loan Home library Current library Date acquired Serial Enumeration / chronology Koha item type
      Journals RRII Library RRII Library 24/03/2014 Volume 248, Issue 5 Journals